000
003100000a22001450004500
003
MACL
040
_a
MACL
090
_c
3122
_d
3122
100
_a
Basu, Salil
245
_a
Tribal Health In India
260
_a
Delhi
_b
Manak Publications Pvt.
_c
1994
350
_a
450
650
_a
Sociology
942
_c
BOOK
_k
307
999
_c
3100
_d
3100